|
|
|
|
| LEADER |
00000nab a2200000 a 4500 |
| 001 |
vtls000907231 |
| 003 |
SK-MaSNL |
| 005 |
20260303202823.0 |
| 008 |
040720e20010803xo 0 slo |
| 035 |
|
|
|a KE16171
|
| 040 |
|
|
|a KEVKJB
|b slo
|c KEVKJB
|e AACR2
|
| 041 |
0 |
|
|a slo
|
| 044 |
|
|
|a xo
|c SK
|
| 080 |
|
|
|a 797.25
|2 1981
|
| 100 |
0 |
|
|a (gč)
|4 aut
|9 1170184
|
| 245 |
1 |
0 |
|a Štefan Kočík je možno najdlhšie registrovaným členom ČH, ŠKP
|b Jubilant nedá na zlatú vodnopólovú partiu dopustiť
|
| 300 |
|
|
|b 1 foto
|
| 590 |
|
|
|a Kočík, Štefan
|b plavec
|
| 600 |
1 |
7 |
|a Kočík, Štefan
|2 KEVKJB
|9 1003664
|
| 610 |
2 |
7 |
|a TJ ŠKP (Košice, Slovensko)
|2 KEVKJB
|9 1234822
|
| 650 |
0 |
7 |
|a vodné pólo
|2 KEVKJB
|9 3219
|
| 650 |
0 |
7 |
|a 40 rokov
|2 KEVKJB
|9 878235
|
| 650 |
0 |
7 |
|a vek 70 rokov
|2 KEVKJB
|9 884785
|
| 650 |
0 |
7 |
|a jubileá životné
|2 KEVKJB
|9 877447
|
| 650 |
0 |
7 |
|a spomienky
|2 KEVKJB
|9 55795
|
| 651 |
|
7 |
|a Košice (Slovensko)
|2 KEVKJB
|9 18694
|
| 651 |
|
7 |
|a KE,
|2 KEVKJB
|9 877256
|
| 655 |
|
7 |
|a periodikum
|2 snkbucl
|9 29553
|
| 710 |
2 |
|
|a TJ ŠKP (Košice, Slovensko)
|4 aut
|9 1234822
|
| 773 |
0 |
8 |
|t Košický denník Korzár
|g Roč. 4, č.178, 3.8.2001, s. 3
|x 1335-4566
|
| 773 |
0 |
8 |
|i Príl.:
|t Šport
|
| 852 |
|
|
|a ZVYKNI
|b KIS3GCP
|
| 999 |
|
|
|c 2182002
|d 2183932
|